| 000 | 01005nam a2200277 a 4500 | ||
|---|---|---|---|
| 001 | 2494392 | ||
| 003 | NUST - PNEC | ||
| 005 | 20170116181115.0 | ||
| 008 | 910607s1990 enka b 001 0 eng | ||
| 010 | _a 91160031 | ||
| 020 | _a1854090585 | ||
| 040 |
_aDLC _cLIBRARY |
||
| 043 | _ae-gx--- | ||
| 050 | 0 | 0 |
_aJX5437.8 _b.E94 1990 |
| 082 | 0 | 0 |
_a940.545 GAS _220 |
| 100 |
_913175 _aGaskin, Hilary |
||
| 245 | 0 | 0 |
_aEyewitnesses at Nuremberg _c Hilary Gaskin. |
| 260 |
_aLondon : _bArms and Armour ; _aNew York, NY : _bDistributed in the USA by Sterling Pub. Co., _cc.1990 |
||
| 300 |
_axx, 192 p. : _bill. ; _c24 cm. |
||
| 504 | _aIncludes bibliographical references (p. 185-186) and index. | ||
| 650 | 0 | _aNuremberg Trial of Major German War Criminals, Nuremberg, Germany, 1945-1946. | |
| 700 | 1 | _aGaskin, Hilary. | |
| 906 |
_a7 _bcbc _corignew _d2 _encip _f19 _gy-gencatlg |
||
| 942 |
_2ddc _cBK |
||
| 999 |
_c69303 _d69303 |
||